01451pam a2200361 a 4500999001700000001000700017003000400024005001700028008004100045010001700086020002200103040001800125042000900143050002600152082001200178100002800190245013700218246003800355246001900393246002100412250001200433260005600445300002900501520017000530650003000700650004700730650003300777650003900810700002900849906004500878942003800923952012800961 c24622d24622724898OSt20170130082640.0980122s1998 coua d 000 0 eng  a 98010438  a1566080401 (pbk.) aDLCcDLCdDLC alcac00aREF PN3175b.E55 199800a7922211 aEngelsman, Alan,d1932-10aTheatre arts 2 student handbook :bon-stage and off-stage roles : fitting the pieces together /cAlan Engelsman and Penny Engelsman.3 aTheatre arts two student handbook30aTheatre arts 23 aTheatre arts two a2nd ed. aColorado Springs, Colo. :bMeriwether Pub.,cc1998. a228 p. :bill. ;c28 cm. aPresents units on many aspects of theater, including playwriting, monologues, puppetry, set design, theater business, makeup, acting, directing, and theater history. 0aCollege and school drama. 0aAmateur theaterxProduction and direction. 0aYoung adult drama, American. 1aTheaterxProduction and direction.1 aEngelsman, Penny,d1943- a7bcbccorignewd1eocipf19gy-gencatlg 2lcccBOOKShREF PN 3175 .E55 1998 00102lcc4070aMUCbMUCcGENd2017-01-30eDonation(B.F.A)l0oREF PN 3175 .E55 1998p33052r2017-01-30w2017-01-30yBOOKS